[Event "40th ECC Open 2025"]
[Site "Rhodes GRE"]
[Date "2025.10.23"]
[Round "5.140"]
[White "Van Roon, Sjoerd"]
[Black "Zymberi, Astrit"]
[Result "1-0"]
[WhiteTitle "FM"]
[BlackTitle "FM"]
[WhiteElo "2288"]
[BlackElo "2068"]
[WhiteTeam "De Stukkenjagers"]
[BlackTeam "Drejtesia Trokadero"]
[WhiteFideId "1051075"]
[BlackFideId "4700295"]
[EventDate "2025.10.19"]
[EventType "team"]

1. e4 c5 2. Nf3 e6 3. d4 cxd4 4. Nxd4 Nc6 5. Nc3 Qc7 6. Be3 a6 7. Qd2 Nf6 8.
O-O-O Bb4 9. f3 O-O 10. g4 b5 11. Nxc6 dxc6 12. g5 Nh5 13. f4 c5 14. Be2 g6 15.
Bxh5 gxh5 16. a3 Ba5 17. Qd6 Qxd6 18. Rxd6 Bxc3 19. bxc3 Bb7 20. Bxc5 Rfc8 21.
Bd4 Bxe4 22. Re1 Bd5 23. Bf6 a5 24. f5 b4 25. cxb4 axb4 26. axb4 Ra2 27. Re2 Ra4
28. fxe6 Bxe6 29. Red2 Raa8 30. b5 Bf5 31. Kb2 h6 32. Rd8+ Kh7 33. gxh6 Kxh6 34.
c4 Kg6 35. Be7 Be4 36. Kb3 f5 37. Rxc8 Rxc8 38. Rd6+ Kf7 39. Bh4 Rg8 40. Bg3 Rg4
41. Be5 Ke7 42. Kb4 f4 43. Rd4 f3 44. Bg3 Kf6 45. c5 h4 46. Bf2 Ke5 47. c6 Rg2
48. Rd2 Kf4 49. Kc5 Rg5+ 50. Kb6 h3 51. Rd4 Ke5 52. Rxe4+ Kxe4 53. c7 Rg2 54.
c8=Q Rxf2 55. Qxh3 Re2 56. Kc5 f2 57. b6 Rc2+ 58. Kd6 Rb2 59. Kc7 Rc2+ 60. Kb8
Rc1 61. Qg4+ 1-0

[Event "40th ECC Open 2025"]
[Site "Rhodes GRE"]
[Date "2025.10.23"]
[Round "5.141"]
[White "Asllani, Muhamet"]
[Black "Bijlsma, Nick"]
[Result "1/2-1/2"]
[WhiteTitle "CM"]
[BlackTitle "FM"]
[WhiteElo "2251"]
[BlackElo "2280"]
[WhiteTeam "Drejtesia Trokadero"]
[BlackTeam "De Stukkenjagers"]
[WhiteFideId "22100300"]
[BlackFideId "1007041"]
[EventDate "2025.10.19"]
[EventType "team"]

1. e4 e5 2. Nf3 Nc6 3. d4 exd4 4. Nxd4 Nf6 5. Nc3 Bb4 6. Nxc6 bxc6 7. Bd3 d5 8.
exd5 cxd5 9. O-O O-O 10. Bg5 c6 11. Ne2 h6 12. Bh4 Be7 13. c4 Rb8 14. b3 Ne4 15.
Bxe7 Qxe7 16. cxd5 cxd5 17. Rc1 Bb7 18. Bb1 Rbc8 19. Re1 Rxc1 20. Qxc1 Rc8 21.
Qe3 Qb4 22. Rd1 a5 23. f3 Qc5 24. Qxc5 Nxc5 25. Kf2 Ne6 26. Ke3 Kf8 27. Nd4 Nxd4
28. Rxd4 Ke7 29. Ra4 Rc5 30. Rg4 g5 31. h4 f6 32. Bd3 Kd6 33. b4 axb4 34. Rxb4
Bc6 35. a4 Rc3 36. hxg5 hxg5 37. a5 Ra3 38. a6 Kc5 39. Rb2 f5 40. Rc2+ Kd6 41.
Kd4 Ra4+ 42. Kc3 Ra3+ 43. Kd4 Ra4+ 44. Kc3 Ra3+ 1/2-1/2

[Event "40th ECC Open 2025"]
[Site "Rhodes GRE"]
[Date "2025.10.23"]
[Round "5.142"]
[White "Froeyman, Helmut"]
[Black "Mehmeti, Shqipdon"]
[Result "1/2-1/2"]
[WhiteTitle "FM"]
[WhiteElo "2268"]
[BlackElo "2148"]
[WhiteTeam "De Stukkenjagers"]
[BlackTeam "Drejtesia Trokadero"]
[WhiteFideId "203602"]
[BlackFideId "22100610"]
[EventDate "2025.10.19"]
[EventType "team"]

1. e4 e5 2. Nf3 Nc6 3. Bb5 Nf6 4. O-O Bc5 5. Nxe5 Nxe5 6. d4 Qe7 7. dxc5 Qxc5 8.
Bd3 d5 9. exd5 Nxd3 10. Qxd3 Qxd5 11. Qg3 O-O 12. Qxc7 b6 13. Nc3 Qf5 14. Qf4
Qxc2 15. Qd2 Qf5 16. Qf4 b5 17. Qxf5 Bxf5 18. Bg5 Ne4 19. Nxe4 Bxe4 20. Rac1
Rfc8 21. Bd2 Bd5 22. a3 Bc4 23. Rfe1 a5 24. f3 a4 25. Bc3 h6 26. Rcd1 Bb3 27.
Rd2 Re8 28. Rde2 Rxe2 29. Rxe2 Rd8 30. Kf2 Bc4 31. Re1 Rd3 32. Re4 Rd5 33. h4
Rd6 34. Rg4 Rg6 35. Rd4 Kh7 36. Re4 Re6 37. Rd4 Rc6 38. Rg4 Rg6 39. Re4 Re6 40.
Rd4 Rc6 41. Rg4 1/2-1/2

[Event "40th ECC Open 2025"]
[Site "Rhodes GRE"]
[Date "2025.10.23"]
[Round "5.143"]
[White "Ermeni, Avni"]
[Black "Baselmans, Sam"]
[Result "1/2-1/2"]
[WhiteTitle "FM"]
[WhiteElo "2126"]
[BlackElo "2264"]
[WhiteTeam "Drejtesia Trokadero"]
[BlackTeam "De Stukkenjagers"]
[WhiteFideId "912840"]
[BlackFideId "1048139"]
[EventDate "2025.10.19"]
[EventType "team"]

1. c4 Nf6 2. Nc3 g6 3. g3 Bg7 4. Bg2 O-O 5. Nf3 d6 6. O-O e5 7. d4 Nbd7 8. e4 c6
9. h3 Qa5 10. Be3 Re8 11. Qc2 exd4 12. Nxd4 Nc5 13. Rad1 Be6 14. b3 Rad8 15.
Rfe1 Bc8 16. Re2 Na6 17. Red2 Bf8 18. Nde2 Be6 19. Qb2 Nd7 20. Nd4 f6 21. Nxe6
Rxe6 22. Ne2 Ree8 23. Bd4 Kf7 24. Bc3 Qb6 25. Kh2 Nac5 26. Bd4 Qc7 27. Qc2 a5
28. Be3 Re6 29. Nd4 Re7 30. Ne2 Re6 31. Nd4 Re7 32. Ne2 Re6 1/2-1/2

[Event "40th ECC Open 2025"]
[Site "Rhodes GRE"]
[Date "2025.10.23"]
[Round "5.144"]
[White "Raats, Joppe"]
[Black "Fejzullahu, Afrim"]
[Result "1/2-1/2"]
[BlackTitle "FM"]
[WhiteElo "2252"]
[BlackElo "2207"]
[WhiteTeam "De Stukkenjagers"]
[BlackTeam "Drejtesia Trokadero"]
[WhiteFideId "238902"]
[BlackFideId "905631"]
[EventDate "2025.10.19"]
[EventType "team"]

1. e4 e5 2. Nf3 Nc6 3. Bc4 Nf6 4. d3 Bc5 5. O-O O-O 6. h3 d6 7. c3 a6 8. a4 h6
9. Re1 Ba7 10. Nbd2 Re8 11. b4 Be6 12. Bxe6 Rxe6 13. Qc2 Re8 14. Rb1 Ne7 15. b5
Ng6 16. Nc4 d5 17. exd5 Qxd5 18. b6 cxb6 19. Nxb6 Bxb6 20. Rxb6 Rad8 21. Re3 e4
22. Nd4 exd3 23. Qxd3 Ne5 24. Qd1 Nc4 25. Rxe8+ Rxe8 26. Rxf6 Qe4 27. Qh5 gxf6
28. Nf5 Qe1+ 29. Kh2 Qxc1 30. Nxh6+ Kg7 31. Nf5+ Kg8 32. Nh6+ Kg7 33. Qxf7+ Kxh6
34. Qxf6+ Kh7 35. Qf7+ Kh6 36. Qf6+ Kh7 37. Qf7+ 1/2-1/2

[Event "40th ECC Open 2025"]
[Site "Rhodes GRE"]
[Date "2025.10.23"]
[Round "5.145"]
[White "Baerwinkel, Tobias"]
[Black "Blomqvist, Erik"]
[Result "1/2-1/2"]
[BlackTitle "GM"]
[WhiteElo "2280"]
[BlackElo "2478"]
[WhiteTeam "TSV Schoenaich"]
[BlackTeam "SK Rockaden #1 (SWE)"]
[WhiteFideId "4637429"]
[BlackFideId "1709437"]
[EventDate "2025.10.19"]
[EventType "team"]

1. d4 Nf6 2. c4 e6 3. g3 d5 4. Bg2 Bd6 5. Nf3 O-O 6. O-O c6 7. Nfd2 Nbd7 8. Nc3
Be7 9. e4 dxe4 10. Ndxe4 Nxe4 11. Nxe4 e5 12. d5 f5 13. d6 fxe4 14. dxe7 Qxe7
15. Qc2 Nc5 16. Be3 Bf5 17. Bxc5 Qxc5 18. Bxe4 Bxe4 19. Qxe4 Rad8 20. Rae1 Rd2
21. Re2 Rxe2 22. Qxe2 Qd4 23. Re1 e4 24. Qc2 h6 25. Rxe4 Rxf2 26. Qxf2 Qxe4 27.
b3 a5 28. c5 Qe5 29. h4 g5 30. hxg5 hxg5 31. Kh2 g4 32. Kg2 Kg7 33. Kh2 Kg6 34.
Kg2 Qe4+ 35. Kf1 a4 36. bxa4 Qxa4 37. Kg1 Qd1+ 38. Kg2 Qd5+ 39. Kg1 Qf5 40. Kg2
Qe4+ 41. Kg1 Qf5 42. Kg2 Qxf2+ 43. Kxf2 Kf5 44. Ke3 Ke5 45. a3 Kd5 46. Kf4 Kxc5
47. Kxg4 Kd4 48. Kf3 b5 49. Ke2 Ke4 50. Kd2 Kf3 51. Kc3 c5 52. Kb3 Kxg3 53. a4
bxa4+ 54. Kxa4 Kf4 55. Kb5 Ke5 56. Kxc5 1/2-1/2

[Event "40th ECC Open 2025"]
[Site "Rhodes GRE"]
[Date "2025.10.23"]
[Round "5.146"]
[White "Trost, Edvin"]
[Black "Pogan, Nikolas"]
[Result "1/2-1/2"]
[WhiteTitle "IM"]
[BlackTitle "FM"]
[WhiteElo "2457"]
[BlackElo "2171"]
[WhiteTeam "SK Rockaden #1 (SWE)"]
[BlackTeam "TSV Schoenaich"]
[WhiteFideId "1729519"]
[BlackFideId "24673579"]
[EventDate "2025.10.19"]
[EventType "team"]

1. e4 d6 2. d4 Nf6 3. Nc3 e5 4. Nf3 Nbd7 5. g3 Be7 6. Bg2 O-O 7. O-O a6 8. a4 b6
9. Nh4 Re8 10. Nf5 Bf8 11. dxe5 dxe5 12. Bg5 h6 13. Be3 Kh7 14. Qe2 g6 15. Nh4
Bd6 16. f4 Qe7 17. f5 g5 18. Nf3 Bc5 19. Kh1 Bxe3 20. Qxe3 Bb7 21. Rae1 Qb4 22.
Qc1 Rad8 23. Re2 g4 24. Nd2 c6 25. Rfe1 a5 26. Nb3 Nc5 27. Nxc5 Qxc5 28. Rd2 Rd4
29. Rxd4 exd4 30. Nd1 Qxf5 31. Rf1 Qg6 32. Qf4 Kg7 33. e5 Nh5 34. Qd2 Re7 35.
Nf2 c5 36. Bxb7 Rxb7 37. Qe2 f5 38. e6 1/2-1/2

[Event "40th ECC Open 2025"]
[Site "Rhodes GRE"]
[Date "2025.10.23"]
[Round "5.147"]
[White "Beyer, Christian"]
[Black "Sorensen, Hampus"]
[Result "1/2-1/2"]
[WhiteTitle "FM"]
[BlackTitle "IM"]
[WhiteElo "2198"]
[BlackElo "2440"]
[WhiteTeam "TSV Schoenaich"]
[BlackTeam "SK Rockaden #1 (SWE)"]
[WhiteFideId "4635450"]
[BlackFideId "8703884"]
[EventDate "2025.10.19"]
[EventType "team"]

1. d4 Nf6 2. Nc3 d5 3. Bf4 a6 4. e3 h6 5. Nf3 e6 6. Bd3 b5 7. e4 b4 8. e5 bxc3
9. exf6 g5 10. Bc1 Qxf6 11. bxc3 Nd7 12. O-O Bd6 13. Re1 g4 14. Nd2 h5 15. a4
Kf8 16. Ba3 Bb7 17. Nb3 Kg7 18. Qe2 a5 19. Nc5 Qe7 20. Nxb7 Bxa3 21. Reb1 Rhb8
22. Rb3 Bd6 23. Rab1 Bf4 24. g3 Bg5 25. c4 Bf6 26. c3 Nb6 27. Nc5 Rd8 28. cxd5
exd5 29. Qf1 Nd7 30. Re1 Qf8 31. Nxd7 Rxd7 32. f3 Re7 33. Rd1 gxf3 34. Qxf3 Qh8
35. Rb2 Qh6 36. Qxd5 Rae8 37. Kg2 h4 38. gxh4 Qxh4 39. Rf1 Re1 40. Rbf2 Rxf1 41.
Kxf1 Qh3+ 42. Qg2+ Qxg2+ 43. Rxg2+ Kf8 44. Rg3 Rb8 45. Rf3 Kg7 46. Rf5 Rb3 47.
Rc5 Bxd4 48. Rxc7 1/2-1/2

[Event "40th ECC Open 2025"]
[Site "Rhodes GRE"]
[Date "2025.10.23"]
[Round "5.148"]
[White "Barkhagen, Jonas"]
[Black "Stukenbrok, Nils"]
[Result "1-0"]
[WhiteTitle "IM"]
[BlackTitle "FM"]
[WhiteElo "2408"]
[BlackElo "2068"]
[WhiteTeam "SK Rockaden #1 (SWE)"]
[BlackTeam "TSV Schoenaich"]
[WhiteFideId "1700855"]
[BlackFideId "1271862"]
[EventDate "2025.10.19"]
[EventType "team"]

1. d4 Nf6 2. c4 e6 3. Nf3 d5 4. Nc3 Bb4 5. Bg5 h6 6. Bxf6 Qxf6 7. e3 O-O 8. Rc1
dxc4 9. Bxc4 c5 10. a3 Bxc3+ 11. Rxc3 Rd8 12. Rd3 cxd4 13. Rxd4 Nc6 14. Rxd8+
Qxd8 15. Qxd8+ Nxd8 16. Bb5 a6 17. Ba4 b6 18. Ke2 Bb7 19. Rd1 Bd5 20. Rc1 b5 21.
Bc2 Kf8 22. Bd3 Ke7 23. e4 Bb7 24. Ke3 Nc6 25. e5 Rc8 26. Be4 f6 27. exf6+ gxf6
28. g3 Na5 29. Rxc8 Bxc8 30. Nd2 Bb7 31. Bxb7 Nxb7 32. Kd4 f5 33. Nf3 Kd6 34.
Ne5 Nd8 35. b4 Kc7 36. f3 h5 37. h3 Kd6 38. g4 fxg4 39. fxg4 hxg4 40. hxg4 Nb7
41. g5 Ke7 42. Nc6+ Kf7 43. Ke5 Kg6 44. Kxe6 Kxg5 45. Kd7 1-0

[Event "40th ECC Open 2025"]
[Site "Rhodes GRE"]
[Date "2025.10.23"]
[Round "5.149"]
[White "Rechner, Jan Philipp"]
[Black "Kenneskog, Theodor"]
[Result "1-0"]
[BlackTitle "FM"]
[WhiteElo "1827"]
[BlackElo "2338"]
[WhiteTeam "TSV Schoenaich"]
[BlackTeam "SK Rockaden #1 (SWE)"]
[WhiteFideId "34633111"]
[BlackFideId "1715011"]
[EventDate "2025.10.19"]
[EventType "team"]

1. d4 Nf6 2. c4 e6 3. g3 d5 4. Bg2 dxc4 5. Nf3 c5 6. O-O Nc6 7. dxc5 Qxd1 8.
Rxd1 Bxc5 9. Nbd2 c3 10. bxc3 O-O 11. Nb3 Be7 12. Nfd4 Nxd4 13. cxd4 Nd5 14. Bd2
f5 15. Na5 Bf6 16. e3 b6 17. Nc6 Bb7 18. Nb4 Rfc8 19. a4 Be7 20. a5 Rab8 21.
Rdb1 Nxb4 22. Bxb7 Rxb7 23. Bxb4 Bxb4 24. Rxb4 b5 25. a6 Rb6 26. Ra5 Rcb8 27. f3
Kf7 28. Kf2 Ke7 29. Ke2 Kd6 30. Kd3 e5 31. g4 fxg4 32. fxg4 exd4 33. exd4 Kd5
34. h4 g6 35. g5 Kc6 36. Ra1 Kd6 37. Rf1 Rxa6 38. Rf6+ 1-0

[Event "40th ECC Open 2025"]
[Site "Rhodes GRE"]
[Date "2025.10.23"]
[Round "5.150"]
[White "Bator, Robert"]
[Black "Reck, Moritz"]
[Result "1-0"]
[WhiteTitle "IM"]
[WhiteElo "2299"]
[BlackElo "2088"]
[WhiteTeam "SK Rockaden #1 (SWE)"]
[BlackTeam "TSV Schoenaich"]
[WhiteFideId "1700405"]
[BlackFideId "24647748"]
[EventDate "2025.10.19"]
[EventType "team"]

1. e4 g6 2. d4 Bg7 3. Nc3 d6 4. Be3 Nc6 5. Qd2 e5 6. Nge2 Nf6 7. f3 exd4 8. Nxd4
Nxd4 9. Bxd4 Be6 10. O-O-O O-O 11. g4 a6 12. g5 Nd7 13. Bxg7 Kxg7 14. h4 f6 15.
f4 Bg4 16. Be2 Bxe2 17. Qxe2 Nb6 18. Qh2 Qe7 19. Rdg1 f5 20. h5 Qf7 21. hxg6
Qxg6 22. Qd2 Rae8 23. Rh6 Qf7 24. Qd4+ Kg8 25. g6 1-0

[Event "40th ECC Open 2025"]
[Site "Rhodes GRE"]
[Date "2025.10.23"]
[Round "5.151"]
[White "Gijswijt, Bart"]
[Black "Smeets, Jan"]
[Result "0-1"]
[WhiteTitle "FM"]
[BlackTitle "GM"]
[WhiteElo "2295"]
[BlackElo "2562"]
[WhiteTeam "HWP Haarlem"]
[BlackTeam "LSG Leiden"]
[WhiteFideId "1009435"]
[BlackFideId "1007246"]
[EventDate "2025.10.19"]
[EventType "team"]

1. d4 d5 2. c4 e6 3. Nf3 Nf6 4. Nc3 c6 5. e3 Nbd7 6. Qc2 Bd6 7. b3 O-O 8. Be2 b6
9. O-O Bb7 10. e4 dxe4 11. Nxe4 Nxe4 12. Qxe4 Nf6 13. Qe3 c5 14. Rd1 Qc7 15. h3
cxd4 16. Nxd4 Bc5 17. Bb2 e5 18. Nb5 Qc6 19. Qf3 Qc8 20. Qg3 Ne4 21. Qxe5 f6 22.
Qc7 Qf5 23. Bd4 Bxd4 24. Rxd4 Qxf2+ 25. Kh2 Rf7 26. Rd8+ Rxd8 27. Qxd8+ Rf8 28.
Qe7 Qg3+ 29. Kg1 Qe3+ 30. Kh2 Qf4+ 31. Kg1 Qe3+ 32. Kh2 Qxe2 33. Qxb7 Qe3 34.
Qe7 f5 35. Nc7 Qg3+ 36. Kg1 Qe3+ 37. Kh2 Qg3+ 38. Kg1 Ng5 39. Ne6 Qe3+ 0-1

[Event "40th ECC Open 2025"]
[Site "Rhodes GRE"]
[Date "2025.10.23"]
[Round "5.152"]
[White "Pijpers, Arthur"]
[Black "Tondivar, Babak"]
[Result "1-0"]
[WhiteTitle "GM"]
[BlackTitle "FM"]
[WhiteElo "2487"]
[BlackElo "2321"]
[WhiteTeam "LSG Leiden"]
[BlackTeam "HWP Haarlem"]
[WhiteFideId "1019554"]
[BlackFideId "12501239"]
[EventDate "2025.10.19"]
[EventType "team"]

1. e4 e6 2. d4 d5 3. Nc3 Nf6 4. e5 Nfd7 5. f4 c5 6. Nf3 Nc6 7. Be3 cxd4 8. Nxd4
Bc5 9. Qd2 Bxd4 10. Bxd4 Nxd4 11. Qxd4 Qb6 12. Nb5 Qxd4 13. Nxd4 Ke7 14. h4 Nc5
15. b4 Na4 16. h5 Bd7 17. Bd3 h6 18. Kd2 Nb6 19. Rh3 Rhc8 20. g4 f6 21. Re1 fxe5
22. Rxe5 Kd6 23. Rhe3 Nc4+ 24. Bxc4 Rxc4 25. Nxe6 Rxb4 26. g5 hxg5 27. fxg5 Rc8
28. Nxg7 Rb2 29. Ne8+ Bxe8 30. Re6+ 1-0

[Event "40th ECC Open 2025"]
[Site "Rhodes GRE"]
[Date "2025.10.23"]
[Round "5.153"]
[White "Duijn, Richard"]
[Black "De Jong, Jan-Willem"]
[Result "1/2-1/2"]
[WhiteTitle "FM"]
[BlackTitle "IM"]
[WhiteElo "2179"]
[BlackElo "2420"]
[WhiteTeam "HWP Haarlem"]
[BlackTeam "LSG Leiden"]
[WhiteFideId "1003771"]
[BlackFideId "1008641"]
[EventDate "2025.10.19"]
[EventType "team"]

1. d4 d5 2. c4 c6 3. Nf3 Nf6 4. Qc2 dxc4 5. Qxc4 Bf5 6. Nc3 e6 7. e3 Nbd7 8. Be2
Be7 9. O-O h6 10. Ne5 Nxe5 11. dxe5 Nd7 12. f4 Bh7 13. Rd1 Bc2 14. Rd2 Nb6 15.
Qd4 Qxd4 16. exd4 Bf5 17. Rd1 O-O-O 18. Be3 Kb8 19. g4 Bh7 20. Rf1 h5 21. gxh5
Bf5 22. Kf2 g6 23. Bf3 gxh5 24. Rad1 h4 25. Be4 Bxe4 26. Nxe4 Nd5 27. Rg1 Rhg8
28. Kf3 Nxe3 29. Kxe3 Kc7 30. Ng5 Rdf8 31. Nh7 Rd8 32. Ng5 Rdf8 33. Nh7 Rd8 1/2-1/2

[Event "40th ECC Open 2025"]
[Site "Rhodes GRE"]
[Date "2025.10.23"]
[Round "5.154"]
[White "Sirin, Atakan"]
[Black "Brookes, Christopher"]
[Result "1-0"]
[WhiteTitle "FM"]
[BlackTitle "CM"]
[WhiteElo "2346"]
[BlackElo "2202"]
[WhiteTeam "LSG Leiden"]
[BlackTeam "HWP Haarlem"]
[WhiteFideId "6303307"]
[BlackFideId "4669355"]
[EventDate "2025.10.19"]
[EventType "team"]

1. c4 Nf6 2. g3 g6 3. Nf3 Bg7 4. Bg2 O-O 5. Nc3 d5 6. cxd5 Nxd5 7. Qb3 Nb6 8. d3
Nc6 9. O-O Bg4 10. Be3 e5 11. Ne4 Qd5 12. Nc5 Qxb3 13. axb3 Nd5 14. Bd2 b6 15.
Na6 Rad8 16. e3 f5 17. Ng5 Rf6 18. f3 Bh5 19. e4 Nde7 20. Nxc7 Rxd3 21. Bc3 Bh6
22. f4 Bxg5 23. fxg5 Rfd6 24. Ne8 Rd8 25. Nf6+ Kf7 26. g4 1-0

[Event "40th ECC Open 2025"]
[Site "Rhodes GRE"]
[Date "2025.10.23"]
[Round "5.155"]
[White "Boelhouwer, Collin"]
[Black "Roobol, Martin"]
[Result "0-1"]
[BlackTitle "FM"]
[WhiteElo "2167"]
[BlackElo "2262"]
[WhiteTeam "HWP Haarlem"]
[BlackTeam "LSG Leiden"]
[WhiteFideId "1013300"]
[BlackFideId "1004468"]
[EventDate "2025.10.19"]
[EventType "team"]

1. e4 e5 2. Nf3 d6 3. d4 Nf6 4. Nc3 Nbd7 5. Rg1 g6 6. g4 Bg7 7. g5 Nh5 8. Be3
O-O 9. Qd2 c6 10. O-O-O Qe7 11. Be2 Re8 12. h4 Nf8 13. d5 c5 14. Nh2 Nf4 15. Ng4
Nxe2+ 16. Qxe2 Bxg4 17. Qxg4 a6 18. h5 b5 19. hxg6 fxg6 20. Kb1 Qd7 21. Qf3 Re7
22. Ka1 Rf7 23. Qe2 Qc7 24. Nb1 c4 25. c3 Nd7 26. f3 Bf8 27. Rg3 Nc5 28. Na3 Nd3
29. Nc2 a5 30. Ne1 Nf4 31. Qd2 Qb7 32. Rg4 b4 33. Rc1 Qb5 34. Qd1 Rb7 35. Qd2
Rab8 36. Rb1 bxc3 37. Qxc3 Ne2 38. Qc2 Nd4 39. Qc3 Qa4 40. Bxd4 exd4 41. Qc2 Qb5
42. Rg2 Bg7 43. Rc1 d3 44. Qxc4 Bxb2+ 45. Kb1 Qxc4 0-1

[Event "40th ECC Open 2025"]
[Site "Rhodes GRE"]
[Date "2025.10.23"]
[Round "5.156"]
[White "Hofman, Marnix"]
[Black "Mazajchik, Tim"]
[Result "1/2-1/2"]
[WhiteElo "2218"]
[BlackElo "2139"]
[WhiteTeam "LSG Leiden"]
[BlackTeam "HWP Haarlem"]
[WhiteFideId "1008668"]
[BlackFideId "1011901"]
[EventDate "2025.10.19"]
[EventType "team"]

1. d4 Nf6 2. c4 e6 3. Nc3 d5 4. cxd5 exd5 5. Bg5 c6 6. e3 h6 7. Bh4 Be7 8. Bd3
O-O 9. Nge2 Re8 10. O-O Nbd7 11. a4 Nh5 12. Bxe7 Qxe7 13. a5 Ndf6 14. Nc1 g6 15.
Be2 a6 16. Na4 Ng7 17. Nc5 Ne4 18. N1d3 Nxc5 19. Nxc5 Nf5 20. Re1 Nd6 21. Nd3
Bf5 22. Ne5 f6 23. Nd3 g5 24. Nc5 Kg7 25. Bd3 Bxd3 26. Qxd3 Rad8 27. Qc2 h5 28.
Re2 h4 29. h3 Qc7 30. b4 Re7 31. Rae1 Rde8 32. f3 Nb5 33. Qd3 Qg3 34. Qd2 Qd6
35. Qd3 Qg3 36. Qd2 Qd6 37. Qd3 Qg3 1/2-1/2

[Event "40th ECC Open 2025"]
[Site "Rhodes GRE"]
[Date "2025.10.24"]
[Round "6.1"]
[White "Gukesh, D"]
[Black "Erigaisi, Arjun"]
[Result "1-0"]
[WhiteTitle "GM"]
[BlackTitle "GM"]
[WhiteElo "2752"]
[BlackElo "2773"]
[WhiteTeam "SuperChess"]
[BlackTeam "Alkaloid"]
[WhiteFideId "46616543"]
[BlackFideId "35009192"]
[EventDate "2025.10.19"]

1. d4 d5 2. Nf3 Nf6 3. g3 c5 4. Bg2 cxd4 5. O-O g6 6. Nxd4 Bg7 7. c4 O-O 8. cxd5
Nxd5 9. Nb3 Nb6 10. a4 Be6 11. Qxd8 Rxd8 12. a5 Bxb3 13. axb6 Nc6 14. Bxc6 bxc6
15. Rxa7 Rab8 16. Bf4 e5 17. Bg5 Re8 18. Be3 Bf8 19. Nd2 Bd5 20. Rc1 Red8 21.
Bg5 Rd6 22. Be3 Rdd8 23. Nc4 c5 24. Nxe5 Rxb6 25. Nd7 Rxb2 26. Bg5 Ra8 27. Nf6+
Kh8 28. Nxd5 Rxa7 29. Bf6+ Bg7 30. Bxb2 Bxb2 31. Rxc5 h5 32. Kg2 Kg7 33. Rc2 Rb7
34. e4 Be5 35. f4 Rb2 36. Rxb2 Bxb2 37. e5 Bd4 38. Kf3 Kf8 39. Ke4 Bg1 40. Nc3
Kg7 41. Ne2 Bb6 42. h3 Ba5 43. f5 gxf5+ 44. Kxf5 Bd8 45. Nf4 Kh6 46. Nd5 Kg7 47.
Nf6 Kh6 48. h4 Ba5 49. Ne4 Bd8 50. Ng5 Bxg5 51. hxg5+ Kg7 52. g6 fxg6+ 53. Kg5 1-0

[Event "40th ECC Open 2025"]
[Site "Rhodes GRE"]
[Date "2025.10.24"]
[Round "6.2"]
[White "Wei, Yi"]
[Black "Van Foreest, Jorden"]
[Result "1/2-1/2"]
[WhiteTitle "GM"]
[BlackTitle "GM"]
[WhiteElo "2754"]
[BlackElo "2697"]
[WhiteTeam "Alkaloid"]
[BlackTeam "SuperChess"]
[WhiteFideId "8603405"]
[BlackFideId "1039784"]
[EventDate "2025.10.19"]

1. e4 c5 2. Nf3 e6 3. Nc3 a6 4. Be2 b5 5. d4 cxd4 6. Qxd4 Nc6 7. Qe3 Qc7 8. O-O
Bb7 9. Rd1 Ne5 10. Nxe5 Qxe5 11. Qb6 Bc6 12. Be3 Nf6 13. f4 Qb8 14. Qxb8+ Rxb8
15. e5 Ng8 16. a3 Ne7 17. Kf2 g5 18. g3 gxf4 19. gxf4 Nf5 20. Bf3 Rc8 21. Ne4
Be7 22. c3 Rg8 23. Ng3 Bh4 24. Rg1 d6 25. exd6 Nxd6 26. Rad1 Ne4+ 27. Ke2 Bxg3
28. hxg3 h5 29. Bxh5 Rxg3 30. Bf2 Nxf2 31. Rxg3 Nxd1 32. Rg8+ 1/2-1/2

[Event "40th ECC Open 2025"]
[Site "Rhodes GRE"]
[Date "2025.10.24"]
[Round "6.3"]
[White "Maghsoodloo, Parham"]
[Black "Yu, Yangyi"]
[Result "1/2-1/2"]
[WhiteTitle "GM"]
[BlackTitle "GM"]
[WhiteElo "2697"]
[BlackElo "2720"]
[WhiteTeam "SuperChess"]
[BlackTeam "Alkaloid"]
[WhiteFideId "12539929"]
[BlackFideId "8603820"]
[EventDate "2025.10.19"]

1. d4 Nf6 2. c4 e6 3. Nc3 d5 4. cxd5 exd5 5. Bg5 Be7 6. e3 h6 7. Bh4 O-O 8. Bd3
Re8 9. Nge2 c6 10. O-O Nh5 11. Bxe7 Qxe7 12. Qd2 Nd7 13. Rae1 Ndf6 14. h3 Bd7
15. Nf4 Qd6 16. Nxh5 Nxh5 17. g4 Nf6 18. f3 c5 19. dxc5 Qxc5 20. Bc2 a5 21. Qd4
Qb4 22. Bb3 Bc6 23. Kf2 Qd6 24. Kg2 Qb4 25. h4 Re6 26. g5 hxg5 27. hxg5 Qxd4 28.
exd4 Nh5 29. Rxe6 Nf4+ 30. Kg3 Nxe6 31. Nxd5 Nxd4 32. Ne7+ Kf8 33. Nxc6 bxc6 34.
Rh1 Ke7 35. Re1+ Kf8 36. Ba4 Rb8 37. b3 Re8 38. Rd1 Rd8 1/2-1/2

[Event "40th ECC Open 2025"]
[Site "Rhodes GRE"]
[Date "2025.10.24"]
[Round "6.4"]
[White "Aravindh, Chithambaram VR."]
[Black "Sarana, Alexey"]
[Result "1/2-1/2"]
[WhiteTitle "GM"]
[BlackTitle "GM"]
[WhiteElo "2711"]
[BlackElo "2661"]
[WhiteTeam "Alkaloid"]
[BlackTeam "SuperChess"]
[WhiteFideId "5072786"]
[BlackFideId "24133795"]
[EventDate "2025.10.19"]

1. Nf3 d5 2. d4 Nf6 3. e3 c5 4. dxc5 e6 5. b4 a5 6. c3 axb4 7. cxb4 b6 8. Bb5+
Bd7 9. Bxd7+ Nbxd7 10. a4 bxc5 11. b5 g5 12. Bb2 g4 13. Ne5 Nxe5 14. Bxe5 Bd6
15. Bxd6 Qxd6 16. O-O Ke7 17. Nd2 c4 18. Qc2 Rhc8 19. a5 Qc5 20. Rfb1 c3 21. Nf1
Ne4 22. Rb3 Nd6 23. a6 Nxb5 24. Ra5 Rcb8 25. a7 Rxa7 26. Rxc3 Qxc3 27. Rxa7+ Kf6
28. Qb1 Qe5 29. Ra5 Nc3 30. Qxh7 Ne2+ 31. Kh1 Qf5 32. Qxf5+ Kxf5 33. Ra1 e5 34.
Re1 Nc3 35. f3 gxf3 36. gxf3 Rb2 37. e4+ dxe4 38. Ng3+ Kf4 39. fxe4 Kg4 40. Kg1
Nb1 41. Nf1 Kf4 42. Ng3 Kg4 43. Nf1 Kf3 44. h4 Kf4 45. h5 Nc3 46. h6 Rb6 47. h7
Rh6 48. Kg2 Nxe4 49. Ne3 Ng5 50. Nd5+ Kf5 51. Ne3+ Kg6 52. Ng4 Rxh7 53. Nxe5+
Kf5 54. Nxf7 Nxf7 55. Rh1 Rg7+ 56. Kf2 Ke4 57. Rh4+ Kd5 58. Ke3 Rg3+ 59. Kd2 Nd6
60. Ke2 Nc4 61. Rh5+ Ne5 62. Rh4 Ng4 63. Rh8 Ke4 64. Re8+ Ne5 65. Kd2 Rg7 66.
Kc3 Rc7+ 67. Kd2 Rc6 68. Re7 Rc8 69. Re6 Rd8+ 70. Kc3 Rd3+ 71. Kc2 Rd5 72. Kc3
Rc5+ 73. Kd2 Rc8 74. Re7 Kd4 75. Rh7 Nc4+ 76. Ke2 Re8+ 77. Kf2 Ne5 78. Ra7 Nd3+
79. Kf3 Rf8+ 80. Kg4 Nc5 81. Re7 Rf6 82. Kg5 Ne4+ 83. Rxe4+ Kxe4 84. Kxf6 1/2-1/2